Mittel Europa : Rediscovering the Style and Design of Central Europe

Enregistré dans:
Détails bibliographiques
Auteur principal: Slezin, Suzanne (Auteur)
Format: Livre
Langue:anglais
Publié: New York : Potter, 1994
Sujets:
Tags: Ajouter un tag
Pas de tags, Soyez le premier à ajouter un tag!

MARC

LEADER 00000nam a22000003a 4500
001 stu11639
005 20150617225637.8
008 951102s1994----xxu-----------------eng-d
020 |a 051758803X 
040 |a STU  |b slo 
041 0 |a eng 
044 |a xxu 
100 1 |a Slezin, Suzanne  |4 aut 
245 1 |a Mittel Europa :  |b Rediscovering the Style and Design of Central Europe 
260 |a New York :  |b Potter,  |c 1994 
300 |a 251 s 
650 7 |a Nábytok starožitný  |2 stusub 
650 7 |a architektúra ľudová  |2 stusub 
996 |b 284AU00528  |c A*2640 U  |l AAKNAR  |s A  |a 24  |w stu11639_0001